| 000 | 00494nam a2200205Ia 4500 | ||
|---|---|---|---|
| 001 | 13213 | ||
| 003 | GE_BSU | ||
| 008 | 181216s||||||||xx |||||||||||||| ||und|| | ||
| 040 | _cGE_BSU | ||
| 080 | _a821.111-3 | ||
| 100 | _aCollins,Wilkie. | ||
| 245 | 4 | _aThe woman in white. | |
| 245 | _cEditer with an introduction and notes by Julian Symons. | ||
| 260 | _aNew York. | ||
| 260 | _bPenguin Books. | ||
| 260 | _c1974 | ||
| 300 | _a648p;18cm. | ||
| 653 | _aThe woman in white. | ||
| 942 | _cBK | ||
| 999 |
_c46377 _d46377 |
||